Reports of selected compensation cases (Record no. 114694)

MARC details
000 -LEADER
fixed length control field 00573cam a22001695a 4500
001 - CONTROL NUMBER
control field L157275
008 - FIXED-LENGTH DATA ELEMENTS--GENERAL INFORMATION
fixed length control field 121009s1868 xxk f 000 0 eng d
035 ## - SYSTEM CONTROL NUMBER
System control number (Sirsi) u157275
041 0# - LANGUAGE CODE
Language code of text/sound track or separate title eng
245 00 - TITLE STATEMENT
Title Reports of selected compensation cases
Remainder of title reported, collected, and compiled for subscription circulation. Vol. III January to December 1867
260 ## - PUBLICATION, DISTRIBUTION, ETC.
Place of publication, distribution, etc. Westminster (London)
Name of publisher, distributor, etc. [s.n.]
Date of publication, distribution, etc. 1868
300 ## - PHYSICAL DESCRIPTION
Extent 207 p.
Dimensions 33 cm.
583 ## - ACTION NOTE
Action Condition reviewed
Time/date of action 20120620
Status condition level 2
651 #4 - SUBJECT ADDED ENTRY--GEOGRAPHIC NAME
Geographic name England and Wales
Chronological subdivision 1543-
690 ## - LOCAL SUBJECT ADDED ENTRY--TOPICAL TERM (OCLC, RLIN)
Topical term or geographic name as entry element Valuation
9 (RLIN) 6273
942 ## - ADDED ENTRY ELEMENTS (KOHA)
Suppress in OPAC 0
Holdings
Withdrawn status Lost status Source of classification or shelving scheme Damaged status Not for loan Home library Current library Shelving location Date acquired Total Checkouts Full call number Barcode Date last seen Copy number Price effective from Koha item type
    Dewey Decimal Classification     Historic collection Historic collection Historic collection 09/10/2012   FOLIO 1868 REPORTS 30077764 06/08/2019 1 06/08/2019 Book